00584cam a2200193 a 450000100100000000500170001000800410002704000290006808200170009710000210011424500590013526000380019430000260023249000220025850400320028065000260031265000300033883000220036800001177120250617094337.0801021s1979 ag b 001 0 spa  aDO-SdBNPbspacLCdBNPHU a401.9bA992d1 aAzcoaga, Juan E.10aDel lenguaje al pensamiento verbal /cJuan E. Azcoaga. aBuenos Aires :bEl Ateneo,c1979. axvi, 199 p. ;c21 cm.1 aNeuropsicología aBibliografía: p. 191-199. 0aPsicolingüística  0aAdquisicion del lenguaje. 0aNeuropsicología